000 00967cad a22002055a 4500
001 L156852
008 120720s2012 xxk f 000 0 eng d
035 _a(Sirsi) u156852
041 0 _aeng
110 2 _aInternational Monetary Fund
_91003
245 0 0 _aUnited Kingdom
_b2012 Article IV consultation
_helectronic resource]
260 _aWashington
_bIMF
_c2012
490 0 _aIMF Country Report
_c12/190
520 _aReviews the IMF's view of the UK economy and its recommendations for improving financial stability. Looks at how economic instability has affected the UK residential housing market. Examines factors affecting the housing market such as price to income and sales to stock ratios, housing capacity and completions.
590 _aKA NTK
651 4 _aUnited Kingdom
_y
690 _aResidential property
_96266
856 4 0 _uhttps://www.imf.org/external/pubs/ft/scr/2012/cr12190.pdf
_zView the item free of charge from the www.imf.org
942 _n0
999 _c114450
_d114450